Stolice państw z dawnej Jugosławii - Statystyki

Ogólne statystyki
  • Ten quiz został rozwiązany 299 razy
  • Średni wynik to 6 z 7
Statystyki odpowiedzi
Państwo Odpowiedź % Poprawnych
Chorwacja Zagrzeb
93%
Bośnia i Hercegowina Sarajewo
86%
Serbia Belgrad
84%
Słowenia Lublana
79%
Czarnogóra Podgorica
72%
Macedonia Północna Skopje
72%
Kosowo Prisztina
64%
Nie znaleziono quizów pasujących do podanych kryteriów
Rozkład punktacji
Procent ludzi z każdym wynikiem
Percentyl według liczby udzielonych odpowiedzi
Twoja historia wyników
Nie rozwiązałeś tego quizu